000 00428nam a22001457a 4500
082 _a297.6
_bALI
100 _aAli, Chaudhary Rehmat
245 _aMazameen e Khilafat /
_cChaudhary Rehmat Ali
260 _aLahore :
_bKhilafat Publications,
_c2014.
300 _a346p. ;
_c22 cm.
563 _aPBK.
880 _6100-01\r
_aچوہدری رحمت علی
880 _6245-02\r
_aمضامین خلافت
942 _2ddc
_cBK
999 _c588636
_d588636